| 000 | 00535nam a2200193Ia 4500 | ||
|---|---|---|---|
| 005 | 20260129110931.0 | ||
| 008 | 231207s9999 xx 000 0 und d | ||
| 020 | _a9780240806907 | ||
| 040 | _cPK-LaNCA | ||
| 082 |
_a791.4402 _bREE |
||
| 100 | _aReese, David E. | ||
| 245 | 0 | _aRadio production worktext: studio and equipment | |
| 250 | _a5th Edition | ||
| 260 |
_bFocal Press _aOxford _c2006 |
||
| 300 |
_axv, 241p _bill |
||
| 546 | _aEnglish | ||
| 650 | _aRadio production and direction. Radio--Equipments. FTV. | ||
| 942 | _cF&TV | ||
| 999 |
_c24467 _d24467 |
||